000 00465nam a2200157 i 4500
001 20814
003 ES-MaACL
005 20230906152352.0
007 t|
008 021118s1913 sp ||||1| spa d
100 1 _aAlabern, Enrique.
_919068
245 1 0 _aSobre un paidómetro
_b: (cooperación a la mensura de infantes) /
_cE. Alabern.
260 _aMahón :
_b[s.n.],
_c1913 (
_fTip. Moderna)
300 _a12 p. :
_bil. ;
_c21 cm.
852 _aES-MaACL
_jT-1430-F-7
999 _c20814
_d20814